Largest Coastal Cities in the United States - Statistics

General Stats
  • This quiz has been taken 569 times
    443 since last reset
  • The average score is 14 of 20
Answer Stats
Population City % Correct
8,336,817 New York City
100%
3,979,576 Los Angeles
99%
467,963 Miami
98%
881,549 San Francisco
96%
692,600 Boston
95%
753,675 Seattle
95%
1,423,851 San Diego
94%
399,700 Tampa
85%
911,507 Jacksonville
80%
1,021,795 San Jose
76%
593,490 Baltimore
71%
449,974 Virginia Beach
64%
433,031 Oakland
57%
462,628 Long Beach
53%
345,064 Honolulu
48%
282,011 Newark
47%
326,586 Corpus Christi
45%
288,000 Anchorage
42%
265,351 Saint Petersburg
34%
274,492 Chula Vista
23%
No matching quizzes found
Score Distribution
Percent of People with Each Score
Percentile by Number Answered
Your Score History
You have not taken this quiz since the last reset